[Event "1 Bundesliga 2007/2008"]
[Site "Graz"]
[Date "2007.11.30"]
[Round "1"]
[Board "1"]
[White "Lanka, Zigurds"]
[Black "Horvath, Tamas"]
[Result "1-0"]
[WhiteElo "2475"]
[BlackElo "2430"]
[PlyCount "85"]
[EventDate "2007.11.30"]
[EventType "team"]
[EventRounds "11"]
[EventCountry "AUT"]
[WhiteTeam "Mayrhofen/Zillertal"]
[BlackTeam "RbEJ Gleisdorf"]

1.e4 c5 2.Nf3 Nc6 3.d4 cxd4 4.Nxd4 Nf6 5.Nc3 e5 6.Ndb5 d6 7.Bg5 a6 8.Na3 b5
9.Nd5 Be7 10.Bxf6 Bxf6 11.c3 Bb7 12.Nc2 Nb8 13.g3 Nd7 14.h4 O-O 15.Nce3 Nb6
16.Qb3 Rb8 17.Rd1 Re8 18.a3 Be7 19.Bd3 Bf8 20.Rd2 Bc8 21.Qd1 Be6 22.Nxb6 Qxb6
23.Bc2 a5 24.Bb3 b4 25.axb4 axb4 26.c4 Qb7 27.Nd5 Rec8 28.O-O Rc5 29.f4 Bxd5
30.exd5 exf4 31.Rxf4 Re8 32.Rdf2 Rc7 33.Kh2 Qa7 34.Qf1 Re3 35.Bc2 g6 36.h5 Kg7
37.hxg6 hxg6 38.Bxg6 fxg6 39.Rxf8 Re5 40.g4 Re3 41.c5 Qxc5 42.Rd2 Kh7 43.Qf2

[Event "1 Bundesliga 2007/2008"]
[Site "Graz"]
[Date "2007.11.30"]
[Round "1"]
[Board "2"]
[White "Meszaros, Tamas"]
[Black "Gross, David"]
[Result "1/2-1/2"]
[WhiteElo "2437"]
[BlackElo "2491"]
[PlyCount "139"]
[EventDate "2007.11.30"]
[EventType "team"]
[EventRounds "11"]
[EventCountry "AUT"]
[WhiteTeam "RbEJ Gleisdorf"]
[BlackTeam "Mayrhofen/Zillertal"]

1.e4 e5 2.Nf3 Nc6 3.Nc3 Nf6 4.g3 Bc5 5.Bg2 d6 6.d3 a6 7.O-O h6 8.Nd5 Nxd5 9.exd5
Nd4 10.Nxd4 Bxd4 11.c3 Bb6 12.d4 exd4 13.Re1+ Kf8 14.cxd4 Bd7 15.b4 a5 16.bxa5
Rxa5 17.a4 Ra8 18.Bb2 Ba5 19.Re3 g6 20.Bf1 Kg7 21.Bb5 Bxb5 22.axb5 Bb6 23.Rxa8
Qxa8 24.Qb3 Qc8 25.Qd3 Qd7 26.Kg2 Ra8 27.Bc3 Ra3 28.Qb1 Qg4 29.Qb2 Ra8 30.Qc2
Qg5 31.Qe4 Qf5 32.Qxf5 gxf5 33.Bb2 Ra4 34.Rb3 Rc4 35.Bc3 Ra4 36.Kf3 Kf6 37.Ke3
Kg5 38.h3 f4+ 39.gxf4+ Kf5 40.Bb2 Ra8 41.Kf3 Rg8 42.Ra3 h5 43.Bc3 Re8 44.Bd2
Bxd4 45.Be3 Bc5 46.Bxc5 dxc5 47.Re3 Ra8 48.Re7 Ra3+ 49.Kg2 Rb3 50.Rxf7+ Ke4
51.Rxc7 Rxb5 52.d6 Rb6 53.Rxc5 Rxd6 54.Rxh5 Kxf4 55.Rh4+ Kf5 56.Rb4 b6 57.Kg3
Rg6+ 58.Kf3 Rc6 59.Rb5+ Kg6 60.Kg4 Kf6 61.f4 Rd6 62.Rh5 Kg6 63.Rg5+ Kf6 64.h4
Rd8 65.h5 Rb8 66.Rg6+ Kf7 67.f5 b5 68.Ra6 b4 69.Kg5 b3 70.Ra7+

[Event "1 Bundesliga 2007/2008"]
[Site "Graz"]
[Date "2007.11.30"]
[Round "1"]
[Board "4"]
[White "Frosch, Ronald"]
[Black "Tabernig, Bernhard"]
[Result "0-1"]
[WhiteElo "2229"]
[BlackElo "2323"]
[PlyCount "76"]
[EventDate "2007.11.30"]
[EventType "team"]
[EventRounds "11"]
[EventCountry "AUT"]
[WhiteTeam "RbEJ Gleisdorf"]
[BlackTeam "Mayrhofen/Zillertal"]

1.d4 d5 2.Nf3 c6 3.c3 Bf5 4.Bf4 e6 5.Nbd2 Nd7 6.e3 h6 7.Be2 Ngf6 8.Ne5 Nxe5
9.Bxe5 Nd7 10.Bg3 Be7 11.O-O O-O 12.b4 a5 13.b5 a4 14.a3 Qa5 15.bxc6 bxc6 16.c4
c5 17.cxd5 exd5 18.e4 Bxe4 19.Nxe4 dxe4 20.d5 Rfd8 21.Qc2 Nf6 22.Bc4 Bd6 23.f4
exf3 24.Rxf3 Bxg3 25.Rxg3 Rd6 26.Rf1 Re8 27.Qb2 Qb6 28.Qf2 Re7 29.Qf5 Nd7 30.Qc2
Qa5 31.Qb2 Ne5 32.Qb8+ Rd8 33.Qb2 Rd6 34.Qb8+ Qd8 35.Qb2 Qb6 36.Qc3 Rf6 37.Re1
Rf4 38.Rxe5 Qb1+

[Event "1 Bundesliga 2007/2008"]
[Site "Graz"]
[Date "2007.11.30"]
[Round "1"]
[Board "5"]
[White "Farago, Ivan"]
[Black "Moser, Guenter"]
[Result "1-0"]
[WhiteElo "2475"]
[BlackElo "2354"]
[PlyCount "104"]
[EventDate "2007.11.30"]
[EventType "team"]
[EventRounds "11"]
[EventCountry "AUT"]
[WhiteTeam "Union Ansfelden"]
[BlackTeam "SC Die Klagenfurter"]

1.d4 f5 2.g3 Nf6 3.Bg2 d6 4.Nf3 c6 5.O-O Qc7 6.Nc3 g6 7.e4 fxe4 8.Ng5 Bg7
9.Ngxe4 O-O 10.d5 Nxe4 11.Nxe4 Nd7 12.c3 Ne5 13.Ng5 Bg4 14.f3 Bd7 15.f4 Nf7
16.Ne6 Bxe6 17.dxe6 Nd8 18.Qe2 d5 19.Bh3 c5 20.Bd2 d4 21.f5 Nc6 22.fxg6 hxg6
23.Qe4 dxc3 24.bxc3 Ne5 25.Bf4 Qc6 26.Qe2 Qa6 27.Qxa6 bxa6 28.Rad1 Rad8 29.Rxd8
Rxd8 30.Bg5 Bf8 31.Be3 Rd3 32.Bxc5 Rxc3 33.Bxa7 Bg7 34.Bg2 Rc2 35.Bd5 Rd2 36.Bb3
a5 37.Rf2 Rd3 38.Bc5 Bf8 39.Bb6 Bh6 40.Re2 Nf3+ 41.Kg2 Nd2 42.Bc2 Ra3 43.Bxg6
Rxa2 44.Bc5 Bg5 45.h4 Bf6 46.Be3 Kg7 47.h5 Bc3 48.Bg5 Ne4 49.Rxa2 Nxg5 50.Bf5
Bb4 51.g4 Kh6 52.Rc2 Bd6

[Event "1 Bundesliga 2007/2008"]
[Site "Graz"]
[Date "2007.11.30"]
[Round "1"]
[Board "6"]
[White "Petschar, Kurt"]
[Black "Knoll, Hermann"]
[Result "1-0"]
[WhiteElo "2292"]
[BlackElo "2386"]
[PlyCount "127"]
[EventDate "2007.11.30"]
[EventType "team"]
[EventRounds "11"]
[EventCountry "AUT"]
[WhiteTeam "SC Die Klagenfurter"]
[BlackTeam "Union Ansfelden"]

1.e4 c5 2.c3 g6 3.d4 Bg7 4.dxc5 Na6 5.Be3 Qc7 6.Bxa6 bxa6 7.Nd2 Rb8 8.Qc2 Nf6
9.f3 a5 10.Ne2 Ba6 11.c4 Nh5 12.Rb1 O-O 13.O-O Rfc8 14.b3 e6 15.Nc3 Bf8 16.Na4
d6 17.Rfd1 dxc5 18.Nf1 Nf6 19.Qd2 Rd8 20.Qf2 Nd7 21.Qg3 Qc6 22.Bf4 Rbc8 23.Nc3
Nb6 24.a4 Rd7 25.Rxd7 Nxd7 26.Nb5 Bxb5 27.axb5 Qb6 28.Rd1 Nf6 29.Be5 Nh5 30.Qe1
a6 31.g4 Ng7 32.Ra1 axb5 33.Qxa5 Qxa5 34.Rxa5 bxc4 35.bxc4 Ne8 36.g5 h6 37.h4
hxg5 38.hxg5 Be7 39.f4 Bd6 40.Ne3 Bxe5 41.fxe5 Kf8 42.Kf2 Ke7 43.Ng4 Rc6 44.Nh6
Rc7 45.Ke3 Rc6 46.Ng8+ Kf8 47.Nf6 Ke7 48.Ra7+ Rc7 49.Ra8 Nxf6 50.gxf6+ Kd7
51.Kf4 Kc6 52.Kg5 Rd7 53.Rc8+ Rc7 54.Rf8 Kb6 55.Kh6 Ka5 56.Rb8 Ka4 57.Re8 Rd7
58.Re7 Rd4 59.Rxf7 Rxe4 60.Ra7+ Kb4 61.f7 Rf4 62.Kxg6 Kc3 63.Rd7 Kxc4 64.Kg7

[Event "1 Bundesliga 2007/2008"]
[Site "Graz"]
[Date "2007.11.30"]
[Round "1"]
[Board "6"]
[White "Atlas, Dimitry"]
[Black "Karner, Christoph"]
[Result "1-0"]
[WhiteElo "2299"]
[BlackElo "2356"]
[PlyCount "64"]
[EventDate "2007.11.30"]
[EventType "team"]
[EventRounds "11"]
[EventCountry "AUT"]
[WhiteTeam "SK Hohenems"]
[BlackTeam "Holz Dohr"]

1.e4 c5 2.c3 d5 3.exd5 Qxd5 4.d4 Nf6 5.Nf3 e6 6.Be3 cxd4 7.cxd4 Bb4+ 8.Nc3 O-O
9.Bd3 b6 10.O-O Bxc3 11.bxc3 Ba6 12.Bxa6 Nxa6 13.Qe2 Qb7 14.a4 Rfc8 15.c4 Nb4
16.a5 Nc6 17.Rfb1 Qc7 18.axb6 axb6 19.Rxa8 Rxa8 20.g3 Na5 21.Nd2 Qc6 22.d5 exd5
23.Rxb6 Qe8 24.Rxf6 gxf6 25.Qg4+ Kh8 26.cxd5 Qg8 27.Qh4 Qg6 28.Bd4 Nb7 29.Ne4
Ra4 30.Nxf6 Rb4 31.Qf4 h6 32.Qb8+ Kg7

[Event "1 Bundesliga 2007/2008"]
[Site "Graz"]
[Date "2007.11.30"]
[Round "1"]
[Board "1"]
[White "Shengelia, Davit"]
[Black "Ragger, Markus"]
[Result "1/2-1/2"]
[WhiteElo "2568"]
[BlackElo "2530"]
[PlyCount "117"]
[EventDate "2007.11.30"]
[EventType "team"]
[EventRounds "11"]
[EventCountry "AUT"]
[WhiteTeam "Styria Graz"]
[BlackTeam "SK KlZtgMPOe Maria Saal"]

1.d4 Nf6 2.c4 e6 3.Nf3 d5 4.e3 c5 5.cxd5 exd5 6.Bb5+ Bd7 7.Bxd7+ Nbxd7 8.dxc5
Nxc5 9.O-O Be7 10.Bd2 O-O 11.Bc3 Nfe4 12.Bd4 Ne6 13.Nc3 Nxd4 14.Nxd4 Nxc3
15.bxc3 Rc8 16.Qb3 Qd7 17.Rad1 Bf6 18.Rd3 Rc5 19.Rfd1 a5 20.Rb1 Bxd4 21.exd4 Rc7
22.Qb5 a4 23.Qxd7 Rxd7 24.Rb4 Ra8 25.Kf1 Kf8 26.Re3 Ra5 27.Rb6 Ra6 28.Rb5 f6
29.Ke2 Rc6 30.Rb4 Rc4 31.Rb5 Kf7 32.Kd2 h5 33.Rh3 Kg6 34.Ra5 Rd6 35.Ra8 Rb6
36.Kc2 Rb5 37.Rg3+ Kf7 38.Re3 g5 39.h3 Rc6 40.Rxa4 Rcb6 41.Kd3 Rb2 42.Rf3 Ra6
43.Rxa6 bxa6 44.c4 dxc4+ 45.Kxc4 Rxa2 46.Kd5 a5 47.g4 hxg4 48.hxg4 a4 49.Kd6 a3
50.d5 Ra1 51.Re3 f5 52.Re7+ Kf6 53.Re6+ Kf7 54.gxf5 Rb1 55.Re7+ Kf6 56.Ra7 Ra1
57.Re7 Rb1 58.Ra7 Ra1 59.Re7

[Event "1 Bundesliga 2007/2008"]
[Site "Graz"]
[Date "2007.11.30"]
[Round "1"]
[Board "3"]
[White "Luther, Thomas"]
[Black "Tratar, Marko"]
[Result "1/2-1/2"]
[WhiteElo "2526"]
[BlackElo "2507"]
[PlyCount "40"]
[EventDate "2007.11.30"]
[EventType "team"]
[EventRounds "11"]
[EventCountry "AUT"]
[WhiteTeam "Styria Graz"]
[BlackTeam "SK KlZtgMPOe Maria Saal"]

1.e4 e6 2.d4 d5 3.Nd2 dxe4 4.Nxe4 Nd7 5.g3 Be7 6.Bg2 Ngf6 7.Nxf6+ Bxf6 8.Nf3 O-O
9.O-O e5 10.Be3 exd4 11.Bxd4 c6 12.a4 a5 13.Re1 Re8 14.Rxe8+ Qxe8 15.Qd2 Qf8
16.Re1 h6 17.h4 Bxd4 18.Nxd4 Nc5 19.b3 Bd7 20.Qf4 Ne6

[Event "1 Bundesliga 2007/2008"]
[Site "Graz"]
[Date "2007.11.30"]
[Round "1"]
[Board "5"]
[White "Wittmann, Walter"]
[Black "Schachinger, Mario"]
[Result "1/2-1/2"]
[WhiteElo "2279"]
[BlackElo "2308"]
[PlyCount "41"]
[EventDate "2007.11.30"]
[EventType "team"]
[EventRounds "11"]
[EventCountry "AUT"]
[WhiteTeam "Styria Graz"]
[BlackTeam "SK KlZtgMPOe Maria Saal"]

1.e4 e5 2.Nf3 Nc6 3.Bb5 a6 4.Bxc6 dxc6 5.O-O f6 6.d4 exd4 7.Nxd4 c5 8.Ne2 Qxd1
9.Rxd1 Bd7 10.Nbc3 O-O-O 11.Be3 Re8 12.Rd2 Bc6 13.Rad1 b6 14.f3 Ne7 15.Nf4 Ng6
16.Nxg6 hxg6 17.Bf4 g5 18.Bg3 Be7 19.Nd5 Bd8 20.c4 g6 21.b4

[Event "1 Bundesliga 2007/2008"]
[Site "Graz"]
[Date "2007.11.30"]
[Round "1"]
[Board "6"]
[White "Halvax, Georg"]
[Black "Hatzl, Stefan"]
[Result "0-1"]
[WhiteElo "2037"]
[BlackElo "2149"]
[PlyCount "122"]
[EventDate "2007.11.30"]
[EventType "team"]
[EventRounds "11"]
[EventCountry "AUT"]
[WhiteTeam "SK KlZtgMPOe Maria Saal"]
[BlackTeam "Styria Graz"]

1.e4 e6 2.d3 c5 3.Nf3 Nc6 4.g3 g6 5.Bg2 Bg7 6.O-O d6 7.Re1 Nge7 8.Nbd2 O-O 9.Nf1
Rb8 10.h4 h5 11.N1h2 e5 12.Be3 Nd4 13.c3 Nxf3+ 14.Nxf3 Bg4 15.Qd2 Nc6 16.Bh6 b5
17.Nh2 Qd7 18.Nxg4 Qxg4 19.Kh2 b4 20.Bg5 Qd7 21.Bh3 Qb7 22.Rab1 bxc3 23.bxc3
Qxb1 24.Rxb1 Rxb1 25.Bd7 Rfb8 26.Bxc6 R8b2 27.Qe3 f6 28.Bd5+ Kh7 29.Qf3 fxg5
30.hxg5 Rf1 31.Kg2 Rbxf2+ 32.Qxf2 Rxf2+ 33.Kxf2 Bf8 34.a4 Be7 35.a5 Bxg5 36.a6
Bd2 37.c4 g5 38.g4 h4 39.Kg2 Kg7 40.Bc6 Kf6 41.Bd5 Ke7 42.Bc6 Kd8 43.Bd5 Kc7
44.Kh3 Kb6 45.Bb7 Ka5 46.Kg2 Kb4 47.Bc6 Kc3 48.Kh3 Kxd3 49.Bd5 Kc3 50.Kh2 Bf4+
51.Kh3 Kb4 52.Kg2 Ka5 53.Bb7 Kb6 54.Kh3 d5 55.exd5 e4 56.Kg2 Bd6 57.Bc8 e3
58.Bf5 h3+ 59.Kf1 Kxa6 60.Ke2 h2 61.Be4 Bf4

[Event "1 Bundesliga 2007/2008"]
[Site "Graz"]
[Date "2007.11.30"]
[Round "1"]
[Board "2"]
[White "Rausis, Igors"]
[Black "Antoniewski, Rafal"]
[Result "1/2-1/2"]
[WhiteElo "2520"]
[BlackElo "2510"]
[PlyCount "26"]
[EventDate "2007.11.30"]
[EventType "team"]
[EventRounds "11"]
[EventCountry "AUT"]
[WhiteTeam "SK Advisory Invest Baden"]
[BlackTeam "ASVOe Pamhagen"]

1.e4 c6 2.d4 d5 3.e5 Bf5 4.Nf3 e6 5.a3 Nd7 6.Be2 Bg6 7.O-O Nh6 8.Nbd2 Be7 9.Nb3
Nf5 10.Bd2 Rb8 11.Rc1 Nh4 12.Ne1 f6 13.g3 Ra8

[Event "1 Bundesliga 2007/2008"]
[Site "Graz"]
[Date "2007.11.30"]
[Round "1"]
[Board "3"]
[White "Manik, Mikulas"]
[Black "Orlov, Andrey"]
[Result "1/2-1/2"]
[WhiteElo "2433"]
[BlackElo "2494"]
[PlyCount "39"]
[EventDate "2007.11.30"]
[EventType "team"]
[EventRounds "11"]
[EventCountry "AUT"]
[WhiteTeam "ASVOe Pamhagen"]
[BlackTeam "SK Advisory Invest Baden"]

1.e4 e5 2.Nf3 Nc6 3.Bb5 a6 4.Ba4 Nf6 5.O-O Be7 6.Re1 b5 7.Bb3 d6 8.c3 O-O 9.h3
Na5 10.Bc2 c5 11.d4 Qc7 12.Nbd2 cxd4 13.cxd4 Nc6 14.Nb3 a5 15.Be3 a4 16.Nbd2 Bd7
17.Rc1 Rac8 18.Nf1 Qb8 19.Ng3 Rfe8 20.Bd3

[Event "1 Bundesliga 2007/2008"]
[Site "Graz"]
[Date "2007.11.30"]
[Round "1"]
[Board "4"]
[White "Baumegger, Siegfried"]
[Black "Alvir, Aco"]
[Result "1-0"]
[WhiteElo "2440"]
[BlackElo "2362"]
[PlyCount "107"]
[EventDate "2007.11.30"]
[EventType "team"]
[EventRounds "11"]
[EventCountry "AUT"]
[WhiteTeam "SK Advisory Invest Baden"]
[BlackTeam "ASVOe Pamhagen"]

1.d4 Nf6 2.c4 g6 3.Nc3 Bg7 4.e4 d6 5.f3 O-O 6.Be3 b6 7.Bd3 a6 8.Nge2 c5 9.e5
Nfd7 10.exd6 exd6 11.O-O Nf6 12.d5 Nbd7 13.Ng3 Ne5 14.Be2 Re8 15.Qd2 Nfd7
16.Nce4 Nf6 17.Kh1 Nxe4 18.Nxe4 a5 19.Rae1 f6 20.Nc3 Ra7 21.f4 Nf7 22.Bd1 f5
23.Ba4 Bd7 24.Bc6 Rc7 25.Nb5 Rc8 26.Na7 Rc7 27.Bxd7 Qxd7 28.Nc6 Rcc8 29.Bf2 Bf6
30.b3 Rxe1 31.Rxe1 Re8 32.Kg1 Rxe1+ 33.Qxe1 Nd8 34.Nb8 Qf7 35.Qe2 Kg7 36.Nc6 Qd7
37.Qf3 h5 38.Kf1 Kf7 39.Ke2 Qb7 40.Be1 Qd7 41.Kd3 Qe8 42.Bd2 Kf8 43.Kc2 Nf7
44.Kd3 Nh6 45.h3 Nf7 46.g4 Bh4 47.gxf5 gxf5 48.Bc3 Nh6 49.Qg2 Qf7 50.Qe2 Ng8
51.a3 Qg6 52.Kc2 Qe8 53.Bg7+ Kf7 54.Qxh5+

[Event "1 Bundesliga 2007/2008"]
[Site "Graz"]
[Date "2007.11.30"]
[Round "1"]
[Board "6"]
[White "Lendwai, Reinhard"]
[Black "Froschauer, Hans"]
[Result "1/2-1/2"]
[WhiteElo "2423"]
[BlackElo "2170"]
[PlyCount "46"]
[EventDate "2007.11.30"]
[EventType "team"]
[EventRounds "11"]
[EventCountry "AUT"]
[WhiteTeam "SK Advisory Invest Baden"]
[BlackTeam "ASVOe Pamhagen"]

1.e4 e5 2.Bc4 Nf6 3.d3 Bc5 4.Nf3 d6 5.O-O O-O 6.c3 Bb6 7.h3 Nc6 8.Re1 Be6 9.Bb5
Ne7 10.d4 c6 11.Bf1 Ng6 12.Nbd2 Re8 13.Qc2 h6 14.a4 Nh5 15.g3 Bc7 16.dxe5 dxe5
17.Nc4 Qf6 18.Nh2 Nf8 19.Ng4 Qe7 20.Kh2 Nd7 21.Nce3 Nhf6 22.Nxf6+ Qxf6 23.Kg2
Qg6

[Event "1 Bundesliga 2007/2008"]
[Site "Graz"]
[Date "2007.11.30"]
[Round "1"]
[Board "1"]
[White "Dizdar, Goran"]
[Black "Ruck, Robert"]
[Result "1/2-1/2"]
[WhiteElo "2564"]
[BlackElo "2572"]
[PlyCount "49"]
[EventDate "2007.11.30"]
[EventType "team"]
[EventRounds "11"]
[EventCountry "AUT"]
[WhiteTeam "SK Absam"]
[BlackTeam "ASVOe Wulkaprodersdorf"]

1.d4 d5 2.c4 c6 3.Nf3 Nf6 4.e3 Bg4 5.h3 Bxf3 6.Qxf3 e6 7.Nc3 Bb4 8.Bd3 Nbd7
9.O-O O-O 10.Qe2 Re8 11.Rd1 Rc8 12.Bd2 dxc4 13.Bxc4 Nb6 14.Bb3 Qe7 15.e4 e5
16.dxe5 Qxe5 17.f4 Qc5+ 18.Be3 Qe7 19.e5 Bxc3 20.bxc3 Nfd5 21.Bd2 f6 22.c4 Nc7
23.Bc3 fxe5 24.Bxe5 Nd7 25.Qf2

[Event "1 Bundesliga 2007/2008"]
[Site "Graz"]
[Date "2007.11.30"]
[Round "1"]
[Board "5"]
[White "Schmittdiel, Eckhard"]
[Black "Schweda, Roland"]
[Result "1/2-1/2"]
[WhiteElo "2417"]
[BlackElo "2418"]
[PlyCount "40"]
[EventDate "2007.11.30"]
[EventType "team"]
[EventRounds "11"]
[EventCountry "AUT"]
[WhiteTeam "SK Absam"]
[BlackTeam "ASVOe Wulkaprodersdorf"]

1.e4 c5 2.c3 d5 3.exd5 Qxd5 4.d4 e6 5.Nf3 Nf6 6.Na3 Qd8 7.Bf4 Nc6 8.dxc5 Qxd1+
9.Rxd1 Bxc5 10.Nb5 O-O 11.Bd6 Bxd6 12.Nxd6 Rd8 13.g3 Kf8 14.Bg2 Ke7 15.Nxc8+
Raxc8 16.Ke2 b5 17.a3 Nd5 18.Nd4 Nxd4+ 19.Rxd4 Nb6 20.Rxd8 Rxd8

[Event "1 Bundesliga 2007/2008"]
[Site "Graz"]
[Date "2007.11.30"]
[Round "1"]
[Board "6"]
[White "Kopinits, Anna Christina"]
[Black "Gerhold, Michael"]
[Result "1-0"]
[WhiteElo "2192"]
[BlackElo "2219"]
[PlyCount "93"]
[EventDate "2007.11.30"]
[EventType "team"]
[EventRounds "11"]
[EventCountry "AUT"]
[WhiteTeam "ASVOe Wulkaprodersdorf"]
[BlackTeam "SK Absam"]

1.e4 c5 2.Nf3 Nc6 3.d4 cxd4 4.Nxd4 Nf6 5.Nc3 e5 6.Ndb5 d6 7.Bg5 a6 8.Na3 b5
9.Nd5 Be7 10.Bxf6 Bxf6 11.c4 b4 12.Nc2 a5 13.b3 Be6 14.Nxf6+ Qxf6 15.Qxd6 Ne7
16.Ne3 O-O 17.Nd5 Nxd5 18.cxd5 Qf4 19.Bd3 Bg4 20.h3 Bh5 21.O-O Rac8 22.Rfe1 Rc3
23.Re3 Rfc8 24.g3 Qg5 25.h4 Qf6 26.Qxf6 gxf6 27.f3 f5 28.exf5 f6 29.Kf2 Bf7
30.Be4 Kf8 31.Rd1 Ke7 32.d6+ Kd7 33.Re2 Rb8 34.g4 h6 35.Red2 Rb6 36.Kg3 a4
37.bxa4 Ra3 38.Rc1 Rxd6 39.Rxd6+ Kxd6 40.Rc6+ Ke7 41.Rc7+ Kf8 42.Rxf7+ Kxf7
43.Bd5+ Ke7 44.Bb3 Kd6 45.Kf2 Kc5 46.Ke3 Kb6 47.g5

[Event "1 Bundesliga 2007/2008"]
[Site "Graz"]
[Date "2007.12.01"]
[Round "2"]
[Board "1"]
[White "Horvath, Tamas"]
[Black "Ruck, Robert"]
[Result "1/2-1/2"]
[WhiteElo "2430"]
[BlackElo "2572"]
[PlyCount "23"]
[EventDate "2007.11.30"]
[EventType "team"]
[EventRounds "11"]
[EventCountry "AUT"]
[WhiteTeam "RbEJ Gleisdorf"]
[BlackTeam "ASVOe Wulkaprodersdorf"]

1.e4 e5 2.Nf3 Nf6 3.Nxe5 d6 4.Nf3 Nxe4 5.Qe2 Qe7 6.d3 Nf6 7.Bg5 Nbd7 8.Nc3 Qxe2+
9.Bxe2 Be7 10.O-O-O h6 11.Bh4 c6 12.Bf1

[Event "1 Bundesliga 2007/2008"]
[Site "Graz"]
[Date "2007.12.01"]
[Round "2"]
[Board "3"]
[White "Sandhu, Mario"]
[Black "Likavsky, Tomas"]
[Result "1-0"]
[WhiteElo "2308"]
[BlackElo "2494"]
[PlyCount "79"]
[EventDate "2007.11.30"]
[EventType "team"]
[EventRounds "11"]
[EventCountry "AUT"]
[WhiteTeam "RbEJ Gleisdorf"]
[BlackTeam "ASVOe Wulkaprodersdorf"]

1.e4 c5 2.Nf3 d6 3.Nc3 Nf6 4.e5 dxe5 5.Nxe5 a6 6.a4 Qc7 7.Nc4 Nc6 8.g3 Be6 9.Ne3
Rd8 10.Bg2 g6 11.O-O Bg7 12.Ne2 Bc8 13.d3 O-O 14.Bd2 b6 15.Nf4 e6 16.h4 Bb7
17.h5 Nd4 18.hxg6 hxg6 19.c3 Bxg2 20.Kxg2 Qb7+ 21.f3 Nc6 22.Qe2 g5 23.Nh3 g4
24.Ng5 Ne5 25.Kg1 Rxd3 26.f4 Rfd8 27.fxe5 Rxd2 28.Qc4 R8d3 29.Rf2 Nd5 30.Rxd2
Rxd2 31.Qe4 Qe7 32.Qh7+ Kf8 33.Ne4 Re2 34.Nxg4 c4 35.Nh6 Qa7 36.Qg8+ Ke7
37.Qxf7+ Kd8 38.Qxa7 Bxh6 39.Nd6 Be3+ 40.Kh1

[Event "1 Bundesliga 2007/2008"]
[Site "Graz"]
[Date "2007.12.01"]
[Round "2"]
[Board "4"]
[White "Volkmann, Friedrich Karl"]
[Black "Frosch, Ronald"]
[Result "1-0"]
[WhiteElo "2434"]
[BlackElo "2229"]
[PlyCount "21"]
[EventDate "2007.11.30"]
[EventType "team"]
[EventRounds "11"]
[EventCountry "AUT"]
[WhiteTeam "ASVOe Wulkaprodersdorf"]
[BlackTeam "RbEJ Gleisdorf"]

1.e4 e6 2.d4 d6 3.Nc3 Be7 4.Nf3 Nf6 5.Bf4 O-O 6.Qd2 a6 7.Bd3 b5 8.e5 b4 9.exf6
bxc3 10.Bxh7+ Kxh7 11.Qd3+

[Event "1 Bundesliga 2007/2008"]
[Site "Graz"]
[Date "2007.12.01"]
[Round "2"]
[Board "5"]
[White "Wanderer, Thomas"]
[Black "Schweda, Roland"]
[Result "1-0"]
[WhiteElo "2226"]
[BlackElo "2418"]
[PlyCount "77"]
[EventDate "2007.11.30"]
[EventType "team"]
[EventRounds "11"]
[EventCountry "AUT"]
[WhiteTeam "RbEJ Gleisdorf"]
[BlackTeam "ASVOe Wulkaprodersdorf"]

1.e4 c5 2.Nc3 Nc6 3.g3 g6 4.Bg2 Bg7 5.d3 Rb8 6.Be3 d6 7.Qd2 b5 8.Nge2 Nd4 9.O-O
h5 10.f3 e5 11.Nd5 Be6 12.c3 Nxe2+ 13.Qxe2 Bxd5 14.exd5 Ne7 15.f4 O-O 16.fxe5
Nf5 17.Rxf5 gxf5 18.Qxh5 Qe7 19.Bh3 Rfe8 20.Bxf5 Qxe5 21.Bf4 Qf6 22.Rf1 Rb7
23.Bg5 Qe5 24.Bh7+ Kf8 25.Be4 f6 26.Rf5 Qxf5 27.Bxf5 fxg5 28.Qxg5 Rf7 29.Be6 Rf6
30.Qg4 Re7 31.h4 Ke8 32.Kg2 Kd8 33.a4 a6 34.axb5 axb5 35.b4 Kc7 36.Qe4 Kb6
37.bxc5+ dxc5 38.d4 c4 39.g4

[Event "1 Bundesliga 2007/2008"]
[Site "Graz"]
[Date "2007.12.01"]
[Round "2"]
[Board "6"]
[White "Kopinits, Anna Christina"]
[Black "Perhinig, Robert"]
[Result "1/2-1/2"]
[WhiteElo "2192"]
[BlackElo "2272"]
[PlyCount "101"]
[EventDate "2007.11.30"]
[EventType "team"]
[EventRounds "11"]
[EventCountry "AUT"]
[WhiteTeam "ASVOe Wulkaprodersdorf"]
[BlackTeam "RbEJ Gleisdorf"]

1.e4 e6 2.d4 d5 3.Nd2 Nf6 4.e5 Nfd7 5.f4 c5 6.c3 Nc6 7.Ndf3 Qb6 8.a3 a5 9.b3
cxd4 10.cxd4 Be7 11.Ne2 f6 12.Nc3 O-O 13.Bd3 fxe5 14.dxe5 Nc5 15.Bc2 Qd8 16.Rb1
d4 17.Ne4 b6 18.Nxc5 bxc5 19.Be4 Qd7 20.h4 Bb7 21.Ng5 g6 22.Nxh7 Nxe5 23.Nxf8
Rxf8 24.Bxb7 Qxb7 25.Qe2 d3 26.Qxe5 Qxg2 27.Qxe6+ Rf7 28.Rh3 d2+ 29.Bxd2 Qg1+
30.Ke2 Qxb1 31.h5 g5 32.Qg6+ Qxg6 33.hxg6 Rf6 34.Re3 Bf8 35.fxg5 Rxg6 36.Re4 Rb6
37.Re3 a4 38.bxa4 Bg7 39.Bc3 Ra6 40.Bxg7 Kxg7 41.Re4 Kg6 42.Rc4 Kxg5 43.Rxc5+
Kf6 44.a5 Rd6 45.Rb5 Ke7 46.Rb6 Rd5 47.Rb7+ Kd6 48.Ra7 Kc6 49.Ke3 Rd7 50.Ra8 Kb7
51.Rh8

[Event "1 Bundesliga 2007/2008"]
[Site "Graz"]
[Date "2007.12.01"]
[Round "2"]
[Board "1"]
[White "Balogh, Csaba"]
[Black "Dizdar, Goran"]
[Result "1/2-1/2"]
[WhiteElo "2575"]
[BlackElo "2564"]
[PlyCount "43"]
[EventDate "2007.11.30"]
[EventType "team"]
[EventRounds "11"]
[EventCountry "AUT"]
[WhiteTeam "SK Advisory Invest Baden"]
[BlackTeam "SK Absam"]

1.e4 e6 2.d4 d5 3.Nd2 c5 4.Ngf3 Nf6 5.exd5 exd5 6.Bb5+ Bd7 7.Qe2+ Be7 8.dxc5 O-O
9.Nb3 Re8 10.Be3 a6 11.Bd3 Ba4 12.Nfd4 Nbd7 13.O-O-O Bxb3 14.Nxb3 Nxc5 15.Qf3
Nxd3+ 16.Rxd3 a5 17.Nd4 a4 18.Nf5 a3 19.b3 Bf8 20.Bd4 Ne4 21.Qf4 Ra6 22.Rhd1

[Event "1 Bundesliga 2007/2008"]
[Site "Graz"]
[Date "2007.12.01"]
[Round "2"]
[Board "3"]
[White "Orlov, Andrey"]
[Black "Wegerle, Joerg"]
[Result "1/2-1/2"]
[WhiteElo "2494"]
[BlackElo "2415"]
[PlyCount "75"]
[EventDate "2007.11.30"]
[EventType "team"]
[EventRounds "11"]
[EventCountry "AUT"]
[WhiteTeam "SK Advisory Invest Baden"]
[BlackTeam "SK Absam"]

1.e4 e5 2.Nf3 Nc6 3.Bb5 Nf6 4.d3 Bc5 5.O-O d6 6.Be3 Bb6 7.c4 Bg4 8.Nbd2 O-O
9.Bxc6 bxc6 10.c5 Bxc5 11.Bxc5 dxc5 12.Qc2 Nd7 13.h3 Be6 14.Qa4 Qb8 15.Ng5 Re8
16.Qxc6 Qb6 17.Qa4 Qxb2 18.Nxe6 Rxe6 19.Qxd7 Qxd2 20.Qd5 Rae8 21.Rfd1 Qa5
22.Rac1 c6 23.Rxc5 Qa4 24.Qb3 Qxb3 25.axb3 Rb8 26.Rc3 Rb6 27.Kf1 f6 28.Ke2 Re7
29.Kd2 Kf7 30.Ra1 Ke6 31.Ra5 Kd6 32.g3 Reb7 33.Kc2 Rb5 34.Ra6 R5b6 35.Ra1 Rb5
36.Ra6 R5b6 37.Ra3 Rb5 38.Ra6

[Event "1 Bundesliga 2007/2008"]
[Site "Graz"]
[Date "2007.12.01"]
[Round "2"]
[Board "5"]
[White "Stohl, Igor"]
[Black "Schmittdiel, Eckhard"]
[Result "1/2-1/2"]
[WhiteElo "2543"]
[BlackElo "2417"]
[PlyCount "47"]
[EventDate "2007.11.30"]
[EventType "team"]
[EventRounds "11"]
[EventCountry "AUT"]
[WhiteTeam "SK Advisory Invest Baden"]
[BlackTeam "SK Absam"]

1.c4 c5 2.Nf3 b6 3.Nc3 Bb7 4.e4 d6 5.d4 cxd4 6.Nxd4 Nf6 7.f3 Nbd7 8.Be3 e6 9.Be2
Be7 10.O-O O-O 11.Qd2 a6 12.a4 Re8 13.a5 Nc5 14.axb6 e5 15.Nf5 Nb3 16.Qd3 Nxa1
17.Nxe7+ Rxe7 18.Rxa1 Bc6 19.b4 Rb7 20.b5 axb5 21.Rxa8 Qxa8 22.Qxd6 Be8 23.Nxb5
Bxb5 24.cxb5